Top 20 agricultural products by area harvested - Statistics

General Stats
  • This quiz has been taken 674 times
  • The average score is 7 of 20
Answer Stats
Production (million ha) Product % Correct
217 Wheat
92%
164 Maize
91%
162 Rice, paddy
88%
19 Potatoes
74%
103 Soybeans
62%
47 Barley
54%
32 Seed cotton
44%
24 Sugar cane
42%
23 Sunflower seed
23%
41 Sorghum
22%
19 Cassava
19%
16 Oil, palm fruit
19%
36 Millet
18%
32 Rapeseed
17%
12 Coconuts
16%
12 Chick peas
6%
19 Vegetables, fresh nes
6%
31 Beans, dry
3%
25 Groundnuts, with shell
2%
12 Cow peas, dry
1%
No matching quizzes found
Score Distribution
Percent of People with Each Score
Percentile by Number Answered
Your Score History
You have not taken this quiz